College Quizbowl Stats
College Quizbowl Stats
Circuits
Seasons
Sets
Records
Detailed Stats
About
Loading...
Upper Mid-Atlantic
Tossups
Bonuses
Players
Teams
Categories (Tossup)
Categories (Bonus)
Abhinav Madamanchi
Brandeis D
Categories
Category
Powers
Gets
Negs
BBs
Points
Earliest Buzz
Avg. Buzz
First Buzzes
Top 3 Buzzes
BPA
PVF
History - American
0
1
0
0
10
54
54.00
0
0
0.00
0.00
History - World
0
1
0
0
10
92
92.00
0
0
0.00
0.00
Religion
0
1
0
0
10
96
96.00
0
0
0.00
0.00
Geography
0
0
0
0
0
0.00
0
0
0.00
0.00
Current Events
0
0
1
0
-5
0.00
0
0
0.00
0.00
Buzzes
Category
Answer
Value
Buzz Position
Current Events
Environmental Protection Agency
-5
45
History - American
Ohio
10
54
History - World
Shah Jahan
10
92
Geography
Andes Mountains
0
93
Religion
fire
10
96
Previous
1
Next